[Event "Titled Tuesday intern op 29th Aug Early"]
[Site "Chess.com INT"]
[Date "2023.08.29"]
[Round "3"]
[White "Glavina, Pablo"]
[Black "Martinez Alcantara, Jose Eduardo"]
[Result "0-1"]
[WhiteElo "2415"]
[BlackElo "2619"]
[PlyCount "64"]
[EventDate "2023.08.29"]
[EventType "swiss (blitz)"]
[EventRounds "11"]
[EventCountry "USA"]
[SourceTitle "EXT 2024"]
[Source "ChessBase"]
[SourceDate "2023.10.10"]
[SourceVersion "1"]
[SourceVersionDate "2023.10.10"]
[SourceQuality "1"]

1. c4 c5 2. Nf3 Nc6 3. d4 cxd4 4. Nxd4 Qb6 5. Nb3 Nf6 6. Nc3 e6 7. g3 Ne5 8. e4 Bb4 9. Qe2 d6 10. Bg2 Qc7 11. Nd2 Bd7 12. 0-0 Rc8 13. Nb5 Bxb5 14. cxb5 0-0 15. a3 Ba5 16. Nb3 Bb6 17. a4 Qc2 18. Qxc2 Rxc2 19. a5 Bc5 20. Nxc5 dxc5 21. b3 Nd3 22. Ba3 Ng4 23. e5 b6 24. Be4 Rd2 25. Rfd1 Rxd1+ 26. Rxd1 Ndxf2 27. Re1 Rd8 28. Bf3 Nd3 29. Rd1 Ngxe5 30. Be2 Rd5 31. Bf1 Nf3+ 32. Kg2 Nde1+ 0-1

[Event "Titled Tuesday intern op 29th Aug Late"]
[Site "Chess.com INT"]
[Date "2023.08.29"]
[Round "6"]
[White "Glavina, Pablo"]
[Black "Miszler, Levente"]
[Result "1-0"]
[WhiteElo "2415"]
[BlackElo "2315"]
[PlyCount "41"]
[EventDate "2023.08.29"]
[EventType "swiss (blitz)"]
[EventRounds "11"]
[EventCountry "USA"]
[SourceTitle "EXT 2024"]
[Source "ChessBase"]
[SourceDate "2023.10.10"]
[SourceVersion "1"]
[SourceVersionDate "2023.10.10"]
[SourceQuality "1"]

1. c4 e5 2. Nc3 Nc6 3. Nf3 Bc5 4. Nxe5 Nxe5 5. d4 Bb4 6. dxe5 Bxc3+ 7. bxc3 Qe7 8. Qd4 Nh6 9. Bxh6 gxh6 10. g3 Rg8 11. Bg2 d6 12. exd6 cxd6 13. 0-0 Be6 14. Rab1 Rb8 15. Qxa7 Qc7 16. Rxb7 Rxb7 17. Qxb7 Qxb7 18. Bxb7 Bxc4 19. a4 Kd7 20. Bf3 Ra8 21. Bxa8 1-0

[Event "Titled Tuesday intern op 29th Aug Early"]
[Site "Chess.com INT"]
[Date "2023.08.29"]
[Round "10"]
[White "Panesso Rivera, Henry"]
[Black "Glavina, Pablo"]
[Result "0-1"]
[WhiteElo "2358"]
[BlackElo "2415"]
[PlyCount "118"]
[EventDate "2023.08.29"]
[EventType "swiss (blitz)"]
[EventRounds "11"]
[EventCountry "USA"]
[SourceTitle "EXT 2024"]
[Source "ChessBase"]
[SourceDate "2023.10.10"]
[SourceVersion "1"]
[SourceVersionDate "2023.10.10"]
[SourceQuality "1"]

1. d4 Nf6 2. c4 e6 3. Nf3 d5 4. g3 c6 5. Bg2 b6 6. 0-0 Be7 7. Qc2 0-0 8. Nbd2 Bb7 9. b3 Nbd7 10. Bb2 Rc8 11. e4 c5 12. e5 Ne8 13. cxd5 Bxd5 14. Rac1 Nc7 15. Ne4 h6 16. dxc5 Nxc5 17. Nxc5 Bxc5 18. Qd2 Qe7 19. Qf4 Rfd8 20. h4 Na6 21. Bc3 Ba3 22. Rc2 Rc7 23. Qa4 Nb8 24. Bb4 Bxb4 25. Rxc7 Qxc7 26. Qxb4 Qc2 27. Nd4 Qxa2 28. Bxd5 Rxd5 29. Rc1 Qa6 30. Rc7 Qa1+ 31. Kh2 Qxd4 32. Qxd4 Rxd4 33. Rc8+ Kh7 34. Rxb8 Rd7 35. h5 g6 36. hxg6+ Kxg6 37. g4 Rd5 38. f4 Rd4 39. Kg3 Rd3+ 40. Kh4 Rxb3 41. Rb7 a5 42. Ra7 Rb4 43. Kg3 a4 44. Ra6 Rb3+ 45. Kh4 a3 46. Ra7 b5 47. Ra6 Rb4 48. Kg3 Rb3+ 49. Kh4 b4 50. f5+ Kg7 51. Ra7 Kf8 52. Ra8+ Ke7 53. Ra7+ Ke8 54. Ra8+ Kd7 55. Ra7+ Kc6 56. Rxf7 a2 57. Re7 a1Q 58. Rxe6+ Kd5 59. Re7 Qh1# 0-1

[Event "Titled Tuesday intern op 29th Aug Early"]
[Site "Chess.com INT"]
[Date "2023.08.29"]
[Round "6"]
[White "Parpiev, Isaak"]
[Black "Glavina, Pablo"]
[Result "0-1"]
[WhiteElo "2123"]
[BlackElo "2415"]
[PlyCount "42"]
[EventDate "2023.08.29"]
[EventType "swiss (blitz)"]
[EventRounds "11"]
[EventCountry "USA"]
[SourceTitle "EXT 2024"]
[Source "ChessBase"]
[SourceDate "2023.10.10"]
[SourceVersion "1"]
[SourceVersionDate "2023.10.10"]
[SourceQuality "1"]

1. d4 Nf6 2. c4 e6 3. Nc3 Bb4 4. e3 d5 5. cxd5 exd5 6. Bd3 0-0 7. a3 Bd6 8. Qc2 Re8 9. Nge2 c5 10. dxc5 Bxc5 11. b4 Bb6 12. Bb2 Nc6 13. Na4 Bc7 14. Nc5 h6 15. Rc1 Ne5 16. Bd4 b6 17. Nb3 Bd7 18. Bf5 Bd6 19. Bxd7 Qxd7 20. 0-0 Rac8 21. Rb1 Rxc2 0-1

[Event "Titled Tuesday intern op 29th Aug Late"]
[Site "Chess.com INT"]
[Date "2023.08.29"]
[Round "5"]
[White "Sarana, Alexey"]
[Black "Glavina, Pablo"]
[Result "1-0"]
[WhiteElo "2685"]
[BlackElo "2415"]
[PlyCount "109"]
[EventDate "2023.08.29"]
[EventType "swiss (blitz)"]
[EventRounds "11"]
[EventCountry "USA"]
[SourceTitle "EXT 2024"]
[Source "ChessBase"]
[SourceDate "2023.10.10"]
[SourceVersion "1"]
[SourceVersionDate "2023.10.10"]
[SourceQuality "1"]

1. d4 Nf6 2. c4 e6 3. Nc3 Bb4 4. e3 d5 5. Bd3 e5 6. cxd5 Qxd5 7. dxe5 Bxc3+ 8. bxc3 Qxe5 9. Qc2 Nc6 10. Nf3 Qh5 11. 0-0 Bg4 12. Nd4 0-0 13. Nxc6 bxc6 14. f3 Be6 15. e4 c5 16. Be3 c4 17. Be2 Rfd8 18. Rfd1 Qa5 19. Rxd8+ Rxd8 20. Rb1 h6 21. Rb7 c5 22. Qb2 Nd7 23. h3 Nb6 24. Kf2 Rc8 25. Bf4 Qa6 26. Rc7 Rxc7 27. Bxc7 Qb7 28. Bf4 Qa6 29. h4 Qa5 30. Bc7 Qa6 31. Qd2 Na4 32. g4 Qc8 33. Be5 f6 34. Bf4 Bf7 35. Bd1 Nb6 36. Qd6 Be6 37. g5 hxg5 38. hxg5 fxg5 39. Bxg5 Qe8 40. Qxc5 Qh5 41. Qe5 Bf7 42. Qg3 Nd7 43. Be3 Ne5 44. Bd4 Nd3+ 45. Kg1 Qh6 46. Be2 Bg6 47. Bf1 Kh7 48. e5 Qh5 49. e6 Qf5 50. e7 Qe6 51. Qh3+ Qxh3 52. Bxh3 Be8 53. Be6 Nb2 54. Bxa7 Kg6 55. Bd4 1-0

[Event "Titled Tuesday intern op 08th Aug Early"]
[Site "Chess.com INT"]
[Date "2023.08.08"]
[Round "6"]
[White "Glavina, Pablo"]
[Black "Javakhadze, Zurab"]
[Result "0-1"]
[WhiteElo "2415"]
[BlackElo "2461"]
[PlyCount "51"]
[EventDate "2023.08.08"]
[EventType "swiss (blitz)"]
[EventRounds "11"]
[EventCountry "USA"]
[SourceTitle "EXT 2024"]
[Source "ChessBase"]
[SourceDate "2023.10.10"]
[SourceVersion "1"]
[SourceVersionDate "2023.10.10"]
[SourceQuality "1"]

1. c4 e5 2. Nc3 Nf6 3. Nf3 Nc6 4. g3 Bc5 5. Nxe5 Nxe5 6. d4 Qe7 7. dxe5 Ng4 8. e3 Nxe5 9. Bg2 Nxc4 10. 0-0 c6 11. e4 0-0 12. Qb3 Ne5 13. Bf4 d6 14. Rad1 Bg4 15. Rd2 Ng6 16. h3 Be6 17. Qc2 Nxf4 18. gxf4 f5 19. Re1 Qh4 20. exf5 Bxf5 21. Qb3+ Kh8 22. Qxb7 Bxh3 23. Qxc6 Qxf4 24. Rde2 Bxf2+ 25. Kh1 Bxg2+ 26. Qxg2 0-1

[Event "Titled Tuesday intern op 08th Aug Early"]
[Site "Chess.com INT"]
[Date "2023.08.08"]
[Round "7"]
[White "Kanyamarala, Trisha"]
[Black "Glavina, Pablo"]
[Result "0-1"]
[WhiteElo "2344"]
[BlackElo "2415"]
[PlyCount "156"]
[EventDate "2023.08.08"]
[EventType "swiss (blitz)"]
[EventRounds "11"]
[EventCountry "USA"]
[SourceTitle "EXT 2024"]
[Source "ChessBase"]
[SourceDate "2023.10.10"]
[SourceVersion "1"]
[SourceVersionDate "2023.10.10"]
[SourceQuality "1"]

1. c4 e5 2. Nc3 Nf6 3. g3 Bb4 4. Bg2 Bxc3 5. bxc3 0-0 6. Nf3 d6 7. 0-0 Nc6 8. d3 h6 9. a4 Nh7 10. Rb1 f5 11. d4 e4 12. Nd2 Qe7 13. Nb3 g5 14. c5 d5 15. Qc2 Be6 16. e3 Nf6 17. c4 Nh5 18. f3 Rae8 19. fxe4 fxe4 20. cxd5 Bxd5 21. Qe2 Rxf1+ 22. Bxf1 Nf6 23. Nd2 b6 24. Ba3 Qe6 25. cxb6 axb6 26. Qb5 Kg7 27. Bc4 Bxc4 28. Qxc4 Qxc4 29. Nxc4 Nd5 30. Rc1 Ra8 31. Nb2 Nd8 32. Kf2 Ne6 33. Rc6 Kf7 34. Nc4 Rxa4 35. Ne5+ Kf6 36. Ng4+ Kf7 37. Nxh6+ Kf6 38. Ng4+ Kg7 39. Bc1 Ra2+ 40. Ke1 Nd8 41. Rc4 Nb7 42. Nf2 Nd6 43. Rc6 Kf7 44. Ng4 Ke7 45. Ne5 Rxh2 46. Ba3 Nxe3 47. Rxc7+ Ke6 48. Bxd6 Kxd6 49. Rc6+ Ke7 50. Rxb6 Nc2+ 51. Kf1 Nxd4 52. Nc6+ Nxc6 53. Rxc6 e3 54. Rg6 Rf2+ 55. Ke1 Rf5 56. Ke2 Re5 57. Rb6 Kf7 58. Rb3 Kg6 59. Rxe3 Ra5 60. Rb3 Kh5 61. Kf3 Ra4 62. Kg2 Kg4 63. Rb2 Rc4 64. Rd2 Rc3 65. Kh2 Kf5 66. Rf2+ Ke4 67. Kh3 Rf3 68. Re2+ Kf5 69. Rd2 Ra3 70. Rf2+ Kg6 71. Kg4 Ra4+ 72. Kh3 Kh5 73. Rf8 g4+ 74. Kg2 Kg5 75. Rg8+ Kf5 76. Rf8+ Ke6 77. Re8+ Kf7 78. Re4 Rxe4 0-1

[Event "Titled Tuesday intern op 18th Jul Early"]
[Site "Chess.com INT"]
[Date "2023.07.18"]
[Round "5"]
[White "Nouri, Alekhine"]
[Black "Glavina, Pablo"]
[Result "0-1"]
[WhiteElo "2231"]
[BlackElo "2415"]
[PlyCount "64"]
[EventDate "2023.07.18"]
[EventType "swiss (blitz)"]
[EventRounds "11"]
[EventCountry "USA"]
[SourceTitle "EXT 2024"]
[Source "ChessBase"]
[SourceDate "2023.10.10"]
[SourceVersion "1"]
[SourceVersionDate "2023.10.10"]
[SourceQuality "1"]

1. e4 c6 2. d4 d5 3. exd5 cxd5 4. Bd3 Nc6 5. c3 Qc7 6. Ne2 Bg4 7. 0-0 e6 8. Qe1 Nf6 9. f3 Bh5 10. Qh4 Rg8 11. Bg5 Bg6 12. Nf4 Bd6 13. Nd2 0-0-0 14. b4 Kb8 15. a4 Ne7 16. Rfc1 Nf5 17. Bxf5 Bxf5 18. c4 Bxb4 19. cxd5 Qb6 20. Ne2 Bxd2 21. Bxd2 Nxd5 22. a5 Qa6 23. Nf4 g5 24. Nxd5 gxh4 25. Bf4+ Rd6 26. Nb6 e5 27. Bxe5 Rgd8 28. Nc4 f6 29. Bf4 Ka8 30. Nxd6 Rxd6 31. Rc5 Rd8 32. Rxf5 Qd3 0-1

[Event "Titled Tuesday intern op 18th Jul Late"]
[Site "Chess.com INT"]
[Date "2023.07.18"]
[Round "3"]
[White "Sipila, Vilka"]
[Black "Glavina, Pablo"]
[Result "0-1"]
[WhiteElo "2436"]
[BlackElo "2415"]
[PlyCount "170"]
[EventDate "2023.07.18"]
[EventType "swiss (blitz)"]
[EventRounds "11"]
[EventCountry "USA"]
[SourceTitle "EXT 2024"]
[Source "ChessBase"]
[SourceDate "2023.10.10"]
[SourceVersion "1"]
[SourceVersionDate "2023.10.10"]
[SourceQuality "1"]

1. b3 d5 2. Bb2 Nf6 3. e3 Bf5 4. f4 e6 5. Nf3 Be7 6. Bd3 Bg6 7. 0-0 0-0 8. Bxg6 hxg6 9. Ne5 Nbd7 10. d3 a5 11. a4 c6 12. Nd2 Qb6 13. Rf3 Bc5 14. Qe1 Rfd8 15. Rh3 Kf8 16. d4 Bb4 17. c3 Bd6 18. Qh4 Ke7 19. c4 Qb4 20. Qe1 Rh8 21. Rxh8 Rxh8 22. c5 Bxe5 23. fxe5 Ne4 24. Nxe4 Qxe1+ 25. Rxe1 dxe4 26. Bc3 Ra8 27. Rf1 f5 28. h4 b6 29. cxb6 Nxb6 30. Rc1 Kd7 31. Bd2 Nd5 32. Rc5 Rb8 33. Rxa5 Rxb3 34. Ra7+ Ke8 35. Rxg7 Ne7 36. Kf2 Ra3 37. a5 Ra2 38. Ke1 Ra1+ 39. Ke2 Ra2 40. Kd1 Ra1+ 41. Kc2 Ra2+ 42. Kc1 Kf8 43. Rh7 Nd5 44. Rd7 f4 45. exf4 e3 46. Bxe3 Nxe3 47. Rd6 Kf7 48. Rxc6 Rxa5 49. Rc7+ Kf8 50. Rc6 Ke7 51. Rc7+ Ke8 52. g3 Nf5 53. g4 Nxh4 54. Kd2 Ra3 55. Rc6 Nf3+ 56. Kd1 Nxd4 57. Rd6 Rd3+ 58. Ke1 Nc2+ 59. Ke2 Rxd6 60. exd6 Kd7 61. Kd3 Nb4+ 62. Kc4 Nd5 63. f5 gxf5 64. gxf5 Ne3+ 65. Kd4 Nxf5+ 66. Ke5 Nxd6 67. Kf6 Nc4 68. Kg5 Kd6 69. Kf4 Kd5 70. Kf3 e5 71. Ke2 e4 72. Ke1 Ne5 73. Ke2 Kd4 74. Ke1 e3 75. Ke2 Nd3 76. Kd1 Nf4 77. Ke1 Kd3 78. Kd1 e2+ 79. Ke1 Ng2+ 80. Kf2 e1Q+ 81. Kf3 Qe3+ 82. Kg4 Qf4+ 83. Kh3 Qg5 84. Kh2 Nf4 85. Kh1 Qg2# 0-1